Cultural Entrenchment of Hindutva (Record no. 13532)

MARC details
000 -LEADER
fixed length control field 00680nam a2200253 a 4500
020 ## - INTERNATIONAL STANDARD BOOK NUMBER
ISBN 9780415677998
082 00 - DEWEY DECIMAL CLASSIFICATION NUMBER
Classification number 294.54
Author Cutter BER
100 ## - MAIN ENTRY--AUTHOR NAME
Author name Berti, Daniela
245 ## - TITLE STATEMENT
Title Cultural Entrenchment of Hindutva
Sub title Local Mediations and Forms of Convergence
260 ## - PUBLICATION, DISTRIBUTION, ETC. (IMPRINT)
Place of publication London
Name of publisher Routledge Chapman Hall
Year of publication 2011
300 ## - PHYSICAL DESCRIPTION
Number of Pages 344p
500 ## - GENERAL NOTE
General note includes index and biblioraphy
505 2# - FORMATTED CONTENTS NOTE
Formatted contents note Index
650 ## - SUBJECT ADDED ENTRY--TOPICAL TERM
Topical Term Hinduism and Culture
942 ## - ADDED ENTRY ELEMENTS (KOHA)
Koha item type Books
700 1# -
-- Nicolas, Jaoul
700 1# -
-- Pralay, Kanungo
Holdings
Collection code Home library Current library Date acquired Cost, normal purchase price Full call number Accession Number Koha item type
  Henry Martyn Institute Library Henry Martyn Institute Library 08/09/2012 795.00 294.54 BER 023841 Books
                   Copyright © 2026 | Henry Martyn Institute | Hyderabad | TS-500052 | INDIA | Implemented by hmi.edu.in
Hit-Count:

Powered by Koha